Ronaldo quiz - Statistics

General Stats
  • This quiz has been taken 248 times
  • The average score is 4 of 8
Answer Stats
Hint Answer % Correct
Prime club? Real Madrid
97%
His enemy? Messi
93%
When did Ronaldo transfer to RM? 2009
88%
His best manager? Sir Alex Ferguson
64%
Best teammate ever? Sergio Ramos
36%
Worst teammate? Maguire
10%
Best card 2022? 97 Ovr
1%
His worst club? Sporting FC
0%
No matching quizzes found
Score Distribution
Percent of People with Each Score
Percentile by Number Answered
Your Score History
You have not taken this quiz